Modelado BIM de los sistemas arquitectónico y eléctrico del edificio de laboratorios para docencia de la Facultad de Ingeniería de la Universidad de Costa Rica para su mantenimiento y operación

Պահպանված է:
Մատենագիտական մանրամասներ
Հիմնական հեղինակ: Picado Núñez, Yadir, 1999-
Այլ հեղինակներ: Mata Abdelnour, Erick, 1973- Director del TFG
Ձևաչափ: Գիրք
Լեզու:Spanish
Հրապարակվել է: [San José], Costa Rica 2022
Խորագրեր:
Ցուցիչներ: Ավելացրեք ցուցիչ
Չկան պիտակներ, Եղեք առաջինը, ով նշում է այս գրառումը!

MARC

LEADER 00000nam a2200000Ia 4500
003 013685
005 20230714090024.0
008 140116s2022 cr a 000 ||spa d
040 |c cru CEDI  
100 |a Picado Núñez, Yadir, 1999-  |9 960 
245 |a Modelado BIM de los sistemas arquitectónico y eléctrico del edificio de laboratorios para docencia de la Facultad de Ingeniería de la Universidad de Costa Rica para su mantenimiento y operación  
260 |a [San José], Costa Rica  |c 2022 
500 |a  Proyecto de graduación (licenciatura en ingeniería civil)--Universidad de Costa Rica. Facultad de Ingeniería. Escuela de Ingeniería Civil 
501 |a Director de Proyecto de Graduación: Ing. Erick Mata Abdelnour, PhD. 
650 |x MODELADO DE INFORMACION DE CONSTRUCCION - DISEÑAR   |x EDIFICIOS UNIVERSITARIOS - ARQUITECTURA - PROGRAMAS PARA COMPUTADORA   |x MANTENIMIENTO - PLANIFICACION   |x INSTALACIONES ELECTRICAS - PROGRAMAS PARA COMPUTADORA 
700 |9 227  |a  Mata Abdelnour, Erick, 1973-  |d Director del TFG 
942 |c CEDI  |h TFG 8836  |6 TFG_8836_000000000000000 
999 |c 13316  |d 13316